Wszystkie miasta, do których lata Wizzair - Statystyki

Ogólne statystyki
  • Ten quiz został rozwiązany 74 razy
  • Średni wynik to 65 z 133
Statystyki odpowiedzi
Kraj Miasto % Poprawnych
Rosja Moskwa
97%
Austria Wiedeń
97%
Belgia Bruksela
95%
Azerbejdżan Baku
92%
Rumunia Bukareszt
90%
Islandia Reykjavik
89%
Bułgaria Sofia
89%
Polska Kraków
87%
Polska Lublin
87%
Francja Paryż
87%
Polska Szczecin
87%
Polska Warszawa
87%
Litwa Wilno
87%
Słowacja Bratysława
85%
Polska Gdańsk
85%
Dania Kopenhaga
85%
Norwegia Oslo
85%
Hiszpania Barcelona
84%
Węgry Budapeszt
84%
Portugalia Lizbona
84%
Hiszpania Madryt
84%
Łotwa Ryga
84%
Polska Rzeszów
84%
Niemcy Berlin
82%
Wielka Brytania Londyn
82%
Czechy Praga
82%
Serbia Belgrad
80%
Polska Katowice
80%
Ukraina Kijów
80%
Polska Poznań
80%
Włochy Rzym
80%
Macedonia Północna Skopje
80%
Szwecja Sztokholm
80%
Malta Valletta
80%
Polska Wrocław
80%
Mołdawia Kiszyniów
79%
Ukraina Lwów
79%
Niemcy Hamburg
75%
Francja Lyon
75%
Czarnogóra Podgorica
75%
Portugalia Porto
75%
Włochy Mediolan
74%
Grecja Saloniki
74%
Słowenia Lublana
72%
Chorwacja Split
72%
Izrael Tel Awiw
72%
Litwa Kowno
70%
Niemcy Frankfurt
69%
Włochy Turyn
69%
Włochy Wenecja
69%
Francja Nicea
67%
Ukraina Charków
66%
Wielka Brytania Liverpool
66%
Niemcy Kolonia
61%
Wielka Brytania Birmingham
59%
Niemcy Dortmund
59%
Szwecja Goteborg
57%
Szwecja Malmo
57%
Włochy Neapol
57%
Wielka Brytania Glasgow
56%
Norwegia Bergen
54%
Słowacja Koszyce
54%
Hiszpania Malaga
54%
Hiszpania Walencja
54%
Rumunia Kluż-Napoka
52%
Bułgaria Warna
52%
Szwajcaria Genewa
51%
Cypr Larnaka
48%
Norwegia Trondheim
48%
Włochy Bari
46%
Niemcy Stuttgart
44%
Bułgaria Burgas
43%
Hiszpania Teneryfa
41%
Hiszpania Alicante
39%
Holandia Eindhoven
39%
Szwajcaria Bazylea
38%
Wielka Brytania Belfast
38%
Niemcy Brema
38%
Portugalia Faro
34%
Grecja Heraklion
34%
Gruzja Kutaisi
34%
Maroko Marrakesz
34%
Grecja Rodos
34%
Niemcy Hanower
33%
Włochy Katania
33%
Niemcy Norymberga
33%
Norwegia Stavanger
33%
Dania Billund
31%
Włochy Bolonia
31%
Węgry Debreczyn
31%
Norwegia Tromsø
30%
Finlandia Turku
30%
Serbia Nisz
28%
Hiszpania Palma
28%
Wielka Brytania Aberdeen
26%
Grecja Korfu
26%
Rumunia Timisoara
26%
Portugalia Funchal
25%
Rumunia Jassy
25%
Rumunia Konstanca
23%
Wielka Brytania Bristol
21%
Włochy Piza
21%
Hiszpania Saragossa
21%
Hiszpania Ibiza
18%
Macedonia Północna Ochryda
18%
Słowacja Poprad
18%
Włochy Werona
18%
Holandia Groningen
16%
Bośnia i Hercegowina Tuzla
15%
Norwegia Bodø
13%
Wielka Brytania Doncaster
13%
Hiszpania Santander
13%
Norwegia Ålesund
10%
Hiszpania Fuerteventura
10%
Francja Grenoble
10%
Niemcy Karlsruhe
10%
Rumunia Krajowa
10%
Norwegia Kristiansand
10%
Grecja Zakynthos
10%
Hiszpania Lanzarote
8%
Litwa Połąga
8%
Szwecja Vaxjo
8%
Norwegia Haugesund
7%
Niemcy Memmingen
7%
Włochy Alghero
5%
Rumunia Satu Mare
5%
Rumunia Suczawa
5%
Izrael Ejlat
3%
Norwegia Molde
3%
Rumunia Sybin
3%
Rumunia Târgu Mureș
3%
Niemcy Friedrichschafen
0%
Włochy Lamezia Terme
0%
Nie znaleziono quizów pasujących do podanych kryteriów
Rozkład punktacji
Procent ludzi z każdym wynikiem
Percentyl według liczby udzielonych odpowiedzi
Twoja historia wyników
Nie rozwiązałeś tego quizu